[Event "18th EUR-ch (w)"]
[Site "Riga LAT"]
[Date "2017.04.15"]
[Round "5.7"]
[White "Socko, Monika"]
[Black "Hoolt, Sarah"]
[Result "1/2-1/2"]
[WhiteElo "2462"]
[BlackElo "2398"]
[EventDate "2017.04.11"]
[PlyCount "121"]

1.d4 d6 2.Nf3 Nf6 3.c4 Nbd7 4.Nc3 e5 5.e4 g6 6.Be2 Bg7 7.O-O O-O 8.Be3 Re8
9.d5 Nc5 10.Nd2 a5 11.a3 Nfd7 12.b4 axb4 13.axb4 Rxa1 14.Qxa1 Na6 15.Qa3 
f5 16.f3 f4 17.Bf2 Bf8 18.Rc1 g5 19.Nb5 c5 20.dxc6 bxc6 21.Na7 c5 22.b5 
Nb4 23.Nxc8 Qxc8 24.Nb1 Qa8 25.Be1 Qxa3 26.Nxa3 Ra8 27.Ra1 Be7 28.Kf1 Bd8 
29.Bc3 Nf8 30.Nb1 Rxa1 31.Bxa1 Nd7 32.Nc3 Nb6 33.Nd5 N4xd5 34.exd5 Na4 35.
Bd1 Nb6 36.Bb3 Kg7 37.Ke2 Kf6 38.Kd3 h6 39.Ke4 Nd7 40.Bc3 Kg6 41.Bc2 h5 
42.Kd3 h4 43.Ke2+ Kf6 44.Kf2 Ke7 45.Bd3 Nf6 46.Bf5 Bb6 47.Ke2 Kd8 48.Bd2 
Kc7 49.Be1 Kb7 50.g3 hxg3 51.hxg3 Bd8 52.Kd3 Kb6 53.Be6 Kb7 54.gxf4 gxf4 
55.Bh4 Kc7 56.Bh3 Kb7 57.Bxf6 Bxf6 58.Ke4 Bd8 59.Kf5 Ba5 60.Ke6 Kc7 61.Bf5
1/2-1/2

[Event "18th EUR-ch (w)"]
[Site "Riga LAT"]
[Date "2017.04.15"]
[Round "5.8"]
[White "Ovod, Evgenia"]
[Black "Hoang Thanh Trang"]
[Result "1/2-1/2"]
[WhiteElo "2382"]
[BlackElo "2459"]
[EventDate "2017.04.11"]
[PlyCount "48"]

1.Nf3 e6 2.c4 f5 3.g3 Nf6 4.Bg2 d5 5.O-O c6 6.d3 Be7 7.b3 O-O 8.Bb2 a5 9.
a3 Na6 10.Nbd2 Nc5 11.Qc2 Bd7 12.Bc3 b5 13.Ne5 Be8 14.Ndf3 a4 15.b4 Nb3 
16.Rad1 c5 17.Nd2 Nxd2 18.Qxd2 Rc8 19.bxc5 Bxc5 20.cxb5 Bxb5 21.Rb1 Ba6 
22.Bb4 Nd7 23.Nxd7 Qxd7 24.Rfc1 Bxb4 1/2-1/2

[Event "18th EUR-ch (w)"]
[Site "Riga LAT"]
[Date "2017.04.15"]
[Round "5.9"]
[White "Javakhishvili, Lela"]
[Black "Arabidze, Meri"]
[Result "1/2-1/2"]
[WhiteElo "2456"]
[BlackElo "2373"]
[EventDate "2017.04.11"]
[PlyCount "72"]

1.d4 d5 2.Bf4 Nc6 3.e3 Bf5 4.Nf3 e6 5.c3 Bd6 6.Bb5 Ne7 7.Ne5 O-O 8.Nd2 f6 
9.Nxc6 bxc6 10.Ba4 Bxf4 11.exf4 Qd6 12.Qf3 c5 13.dxc5 Qxc5 14.O-O Rfb8 15.
b4 Qd6 16.Nb3 Ng6 17.g3 Be4 18.Qe3 e5 19.fxe5 Nxe5 20.f3 Bc2 21.Rf2 Bg6 
22.Rd1 Be8 23.Bxe8 Rxe8 24.Qc5 Qxc5 25.Nxc5 Nc4 26.h4 c6 27.a4 Re3 28.Rd3 
Rae8 29.b5 Rxd3 30.Nxd3 cxb5 31.axb5 Re3 32.Nb4 Rxc3 33.Nxd5 Rb3 34.Ne7+ 
Kf8 35.Nc6 Rxb5 36.Nxa7 Rb1+ 1/2-1/2

[Event "18th EUR-ch (w)"]
[Site "Riga LAT"]
[Date "2017.04.15"]
[Round "5.10"]
[White "Lazarne Vajda, Szidonia"]
[Black "Pahtz, Elisabeth"]
[Result "0-1"]
[WhiteElo "2355"]
[BlackElo "2454"]
[EventDate "2017.04.11"]
[PlyCount "216"]

1.d4 Nf6 2.c4 g6 3.g3 Bg7 4.Bg2 O-O 5.Nc3 d6 6.Nf3 Nc6 7.O-O a6 8.Qd3 Nd7 
9.b3 Rb8 10.Bb2 e5 11.dxe5 dxe5 12.Ba3 Re8 13.Rad1 b5 14.Ne4 Nd4 15.e3 Ne6
16.Qd5 h6 17.c5 f5 18.Bh3 Nf8 19.Qxd8 Nxd8 20.Ned2 e4 21.Nd4 Nfe6 22.Nxe6 
Bxe6 23.f3 b4 24.Bc1 Nb7 25.fxe4 fxe4 26.Bxe6+ Rxe6 27.Nc4 Nxc5 28.Rd5 Nd3
29.Rd7 Rf8 30.Bd2 c5 31.a3 bxa3 32.Nxa3 Ne5 33.Rd5 Nf3+ 34.Kg2 Rb8 35.Nc4 
Rxb3 36.Rxc5 Nxd2 37.Rc8+ Kh7 38.Nxd2 Rb2 39.Rf2 a5 40.Ra8 Rf6 41.Nxe4 
Rfxf2+ 42.Nxf2 Ra2 43.Kf3 a4 44.Nd3 g5 45.Ke4 a3 46.g4 Ra1 47.Ne5 a2 48.
Ra7 Rb1 49.Rxa2 Rb4+ 50.Kf3 Bxe5 51.Ra7+ Kg6 52.Ra6+ Bf6 53.h3 Rb7 54.Rc6 
Re7 55.Ra6 Kf7 56.Rc6 Re6 57.Rc7+ Be7 58.Rb7 Kf6 59.Rb5 Bd8 60.Rf5+ Kg7 
61.Rd5 Bb6 62.Rd3 Kf6 63.Rb3 Bc5 64.Rc3 Re5 65.Rd3 Ke6 66.h4 Be7 67.hxg5 
hxg5 68.Rd1 Bc5 69.Rd3 Ke7 70.Ke2 Ke6 71.Kf3 Rd5 72.Rb3 Ke5 73.Rb8 Rd7 74.
Rg8 Rf7+ 75.Ke2 Kf6 76.Rc8 Bd6 77.Rc6 Ke6 78.Rc8 Rh7 79.Rg8 Rh2+ 80.Kf3 
Rh3+ 81.Kf2 Kf6 82.Rd8 Be7 83.Rd5 Rh2+ 84.Kf3 Ra2 85.Rf5+ Ke6 86.Rb5 Rc2 
87.Rb8 Rc3 88.Rb6+ Bd6 89.Ke4 Rc5 90.Rb3 Re5+ 91.Kf3 Kd7 92.Rb7+ Kc6 93.
Rb3 Bc5 94.Rd3 Kb5 95.e4 Kc6 96.Rd8 Be7 97.Rd1 Bd6 98.Ra1 Rc5 99.Ra6+ Kd7 
100.Ra7+ Rc7 101.Ra5 Rc3+ 102.Kf2 Bf4 103.Rf5 Ke6 104.Rb5 Ra3 105.Rd5 Re3 
106.Rb5 Rxe4 107.Rb6+ Bd6 108.Kf3 Rf4+ 0-1

[Event "18th EUR-ch (w)"]
[Site "Riga LAT"]
[Date "2017.04.15"]
[Round "5.11"]
[White "Zawadzka, Jolanta"]
[Black "Gara, Anita"]
[Result "1/2-1/2"]
[WhiteElo "2449"]
[BlackElo "2354"]
[EventDate "2017.04.11"]
[PlyCount "119"]

1.e4 c5 2.Nf3 Nc6 3.d4 cxd4 4.Nxd4 g6 5.c4 d6 6.Nc3 Bg7 7.Be3 Qb6 8.Nb3 
Bxc3+ 9.bxc3 Qc7 10.Be2 Nf6 11.f3 O-O 12.O-O b6 13.Qe1 Be6 14.Nd4 Na5 15.
Nxe6 fxe6 16.e5 dxe5 17.Qh4 Rac8 18.c5 bxc5 19.c4 Rb8 20.Rfe1 Rb2 21.Qg5 
Rd8 22.f4 Nc6 23.Bf1 exf4 24.Bxf4 Qd7 25.Be3 Nd4 26.Qxc5 Nc2 27.Re2 Ng4 
28.Rd2 Qe8 29.Rad1 Rxd2 30.Bxd2 Qb8 31.g3 Qb6 32.Qxb6 axb6 33.Bc3 Rxa2 34.
c5 Ra3 35.cxb6 Rxc3 36.b7 Rb3 37.Rd8+ Kf7 38.b8=Q Rxb8 39.Rxb8 Nd4 40.Bg2 
Ne2+ 41.Kf1 Nd4 42.h3 Ne3+ 43.Kf2 Nxg2 44.Kxg2 g5 45.g4 Ne2 46.Rb5 Kf6 47.
Rb2 Nf4+ 48.Kg3 Nd5 49.Kf3 Kg6 50.Ke4 Nf6+ 51.Ke5 h5 52.Rg2 hxg4 53.hxg4 
Kf7 54.Rg1 Nd7+ 55.Ke4 Nf6+ 56.Kf3 Kg6 57.Re1 Kf7 58.Re5 Nh7 59.Ra5 Kg6 
60.Ke4 1/2-1/2

[Event "18th EUR-ch (w)"]
[Site "Riga LAT"]
[Date "2017.04.15"]
[Round "5.13"]
[White "Savina, Anastasia"]
[Black "Zhukova, Natalia"]
[Result "0-1"]
[WhiteElo "2378"]
[BlackElo "2438"]
[EventDate "2017.04.11"]
[PlyCount "120"]

1.d4 e6 2.Nf3 Nf6 3.Bg5 d5 4.c4 Nbd7 5.Nc3 h6 6.Bf4 dxc4 7.e4 Bb4 8.Nd2 
O-O 9.Qc2 e5 10.dxe5 Nh5 11.Bg3 Nxg3 12.hxg3 Nxe5 13.Nxc4 Ng4 14.Be2 Be6 
15.O-O Bxc4 16.Bxc4 c6 17.Be2 Qg5 18.Qc1 Qh5 19.Bxg4 Qxg4 20.Qf4 Qe6 21.a3
Bc5 22.Rac1 Bd4 23.Qc7 Qb3 24.Ne2 Bb6 25.Qe5 Rfe8 26.Qc3 Qe6 27.Nf4 Qxe4 
28.Rcd1 Rad8 29.Rfe1 Rxd1 30.Rxd1 Qf5 31.Rd3 Qe5 32.Qxe5 Rxe5 33.Rd7 Re1+ 
34.Kh2 Bxf2 35.Rxb7 g6 36.Nd3 Bxg3+ 37.Kxg3 Re3+ 38.Kh2 Rxd3 39.Rxa7 Rb3 
40.Rc7 Rxb2 41.Rxc6 Ra2 42.Ra6 Kg7 43.Kg3 h5 44.Ra5 Kh6 45.Ra7 f5 46.Ra6 
Rc2 47.a4 Ra2 48.a5 Kg5 49.Ra8 Ra3+ 50.Kh2 Kg4 51.a6 g5 52.Ra7 h4 53.Ra8 
Ra2 54.a7 Ra1 55.Rb8 Rxa7 56.Rb4+ f4 57.Rb3 Ra1 58.Rc3 Re1 59.Ra3 Re3 60.
Ra5 h3 0-1

[Event "18th EUR-ch (w)"]
[Site "Riga LAT"]
[Date "2017.04.15"]
[Round "5.15"]
[White "Pogonina, Natalia"]
[Black "Fatalieva, Ulviyya"]
[Result "1/2-1/2"]
[WhiteElo "2478"]
[BlackElo "2287"]
[EventDate "2017.04.11"]
[PlyCount "87"]

1.d4 e6 2.c4 Nf6 3.Nc3 Bb4 4.e3 c5 5.a3 Bxc3+ 6.bxc3 Nc6 7.Bd3 d6 8.Ne2 e5
9.d5 e4 10.Bb1 Ne5 11.Ng3 Qa5 12.Qb3 b6 13.Qb5+ Kd8 14.Qxa5 bxa5 15.Nxe4 
Nxe4 16.Bxe4 Re8 17.Bc2 Nxc4 18.e4 f5 19.f3 fxe4 20.fxe4 Rf8 21.Rf1 Rxf1+ 
22.Kxf1 Kc7 23.Kf2 Bg4 24.Bf4 Rb8 25.Ra2 Bh5 26.Kg3 Bg6 27.Kf3 Rf8 28.Kg3 
Re8 29.Kf3 Rf8 30.Kg3 Re8 31.Kf3 Nb6 32.Rb2 Nd7 33.c4 Nf6 34.e5 Bh5+ 35.
Kg3 dxe5 36.Bd2 Kd6 37.Bxa5 e4 38.Ba4 Re5 39.Rb7 Re7 40.Rxe7 Kxe7 41.Kf4 
Be2 42.Ke5 Nd7+ 43.Kxe4 Bxc4 44.Bxd7 1/2-1/2

[Event "18th EUR-ch (w)"]
[Site "Riga LAT"]
[Date "2017.04.15"]
[Round "5.16"]
[White "Warakomska, Anna"]
[Black "Batsiashvili, Nino"]
[Result "0-1"]
[WhiteElo "2343"]
[BlackElo "2496"]
[EventDate "2017.04.11"]
[PlyCount "128"]

1.e4 e5 2.Nf3 Nc6 3.Bb5 a6 4.Ba4 d6 5.c3 Bd7 6.O-O g6 7.d4 Bg7 8.Re1 Nf6 
9.Nbd2 O-O 10.Nf1 b5 11.Bc2 Re8 12.h3 exd4 13.cxd4 Nb4 14.Bb1 c5 15.Ng3 c4
16.Bf4 Bc8 17.Qd2 Nc6 18.d5 Ne5 19.Nxe5 dxe5 20.Bg5 Qd6 21.b3 cxb3 22.axb3
Bd7 23.Bd3 Rec8 24.Rec1 Rxc1+ 25.Rxc1 a5 26.Be3 Bf8 27.Bc5 Qb8 28.b4 axb4 
29.Bxb4 Bxb4 30.Qxb4 Qf8 31.Rb1 Qxb4 32.Rxb4 Kf8 33.Ne2 Ra1+ 34.Rb1 Rxb1+ 
35.Bxb1 Ke7 36.Kf1 Kd6 37.Ke1 Kc5 38.Kd2 Ne8 39.f4 exf4 40.Nxf4 Nd6 41.Ne2
b4 42.Nc1 Nc4+ 43.Ke2 Kd4 44.Bd3 Ne5 45.Kd2 Ba4 46.Ne2+ Kc5 47.Nc1 f6 48.
Bb1 Kd4 49.Ne2+ Kc4 50.Nc1 b3 51.Nd3 Nxd3 52.Bxd3+ Kd4 53.Bb1 Bb5 54.h4 h6
55.g3 g5 56.hxg5 fxg5 57.d6 h5 58.Bd3 Bd7 59.e5 Kxe5 60.Kc3 Be6 61.Be2 h4 
62.gxh4 gxh4 63.Bf1 Kxd6 64.Bg2 Ke5 0-1

[Event "18th EUR-ch (w)"]
[Site "Riga LAT"]
[Date "2017.04.15"]
[Round "5.21"]
[White "Fuchs, Judith"]
[Black "Vega Gutierrez, Sabrina"]
[Result "0-1"]
[WhiteElo "2274"]
[BlackElo "2413"]
[EventDate "2017.04.11"]
[PlyCount "104"]

1.e4 c5 2.Nf3 Nc6 3.d4 cxd4 4.Nxd4 Nf6 5.Nc3 e5 6.Ndb5 d6 7.Bg5 a6 8.Na3 
b5 9.Nd5 Be7 10.Bxf6 Bxf6 11.c3 Ne7 12.Nxf6+ gxf6 13.Be2 f5 14.exf5 Bxf5 
15.Bf3 d5 16.Nc2 O-O 17.O-O Qd7 18.Re1 f6 19.Qd2 Rfd8 20.h3 Kh8 21.Ne3 
Bxh3 22.a4 Be6 23.Qe2 Ng6 24.g3 e4 25.Bg4 f5 26.Bh5 f4 27.Bxg6 f3 28.Qd2 
hxg6 29.Qd4+ Qg7 30.Red1 Qxd4 31.Rxd4 Kg7 32.axb5 axb5 33.Rxa8 Rxa8 34.Kf1
Ra2 35.Nd1 Kf6 36.Ke1 Ke5 37.Rb4 Bd7 38.Rd4 Bc6 39.Kd2 Ra8 40.Ke3 Rh8 41.
Kd2 Rh1 42.Ne3 Kd6 43.Rb4 Kc5 44.Rd4 Rh2 45.Ke1 Bb7 46.Nd1 Rh1+ 47.Kd2 Rf1
48.Rb4 e3+ 49.fxe3 g5 50.Rd4 Bc8 51.b4+ Kc6 52.g4 f2 0-1

[Event "18th EUR-ch (w)"]
[Site "Riga LAT"]
[Date "2017.04.15"]
[Round "5.22"]
[White "Abdulla, Khayala"]
[Black "Melia, Salome"]
[Result "1/2-1/2"]
[WhiteElo "2241"]
[BlackElo "2400"]
[EventDate "2017.04.11"]
[PlyCount "129"]

1.e4 c5 2.Nf3 Nc6 3.d4 cxd4 4.Nxd4 Nf6 5.Nc3 e5 6.Ndb5 d6 7.Nd5 Nxd5 8.
exd5 Nb8 9.c4 Be7 10.Be2 O-O 11.O-O Bd7 12.Nc3 f5 13.f4 Bf6 14.Kh1 Na6 15.
Be3 Nc5 16.b4 exf4 17.Bd4 Ne4 18.Nxe4 Bxd4 19.Qxd4 fxe4 20.Qxe4 Qf6 21.c5 
Rae8 22.Qc4 Kh8 23.Bf3 g5 24.c6 Bc8 25.cxb7 Bxb7 26.Rae1 Bc8 27.Rxe8 Rxe8 
28.Bh5 Rf8 29.h3 Qe5 30.Bf3 Bf5 31.Qa6 Rf7 32.Qc6 Kg7 33.Qc1 Re7 34.Qd2 
Kg6 35.Qd1 Qc3 36.Bh5+ Kh6 37.h4 Qxb4 38.hxg5+ Kxg5 39.Bf3 Qc3 40.Rg1 Kf6 
41.Qa4 Qe5 42.g3 Be4 43.Qxe4 Qxe4 44.Bxe4 Rxe4 45.gxf4 Rd4 46.Kg2 Rxd5 47.
Kf3 Ra5 48.Rd1 Ke6 49.Rd2 h5 50.Kg3 Rf5 51.Re2+ Kd7 52.Kf3 Rf7 53.Rh2 Rf5 
54.Rg2 Ra5 55.Ke4 Ke6 56.Rg6+ Ke7 57.Rh6 Rxa2 58.Rh7+ Kf6 59.Rh6+ Kf7 60.
Rxd6 Ra4+ 61.Kf5 Ra5+ 62.Ke4 Ra4+ 63.Kf5 Ra5+ 64.Ke4 Ra4+ 65.Kf5 1/2-1/2

[Event "18th EUR-ch (w)"]
[Site "Riga LAT"]
[Date "2017.04.15"]
[Round "5.29"]
[White "Babiy, Olga"]
[Black "Zherebtsova, Alexandra"]
[Result "1/2-1/2"]
[WhiteElo "2359"]
[BlackElo "2222"]
[EventDate "2017.04.11"]
[PlyCount "92"]

1.e4 e5 2.Nf3 Nc6 3.Bb5 a6 4.Ba4 Nf6 5.O-O Be7 6.Re1 b5 7.Bb3 d6 8.h3 Na5 
9.c3 Nxb3 10.axb3 Bb7 11.d3 O-O 12.Nbd2 Re8 13.Nf1 h6 14.c4 Bf8 15.Bd2 Qd7
16.N3h2 Kh7 17.Qf3 Qe6 18.Ne3 c6 19.Bc3 Nd7 20.b4 g6 21.Rad1 Bg7 22.Qg3 
Nf6 23.Qf3 Rf8 24.Nhf1 Rae8 25.Nd2 Nd7 26.Nb3 f5 27.Na5 Ba8 28.Nf1 fxe4 
29.Qxe4 Qf7 30.Qe2 c5 31.Ng3 Nb6 32.Ne4 Qc7 33.bxc5 dxc5 34.b4 Na4 35.Bd2 
Rd8 36.Rb1 cxb4 37.Bxb4 Rf7 38.Rbc1 Qd7 39.Nd6 Rf4 40.Qd2 bxc4 41.Rxc4 Nb6
42.Rxf4 exf4 43.Nac4 Qc6 44.f3 Nd5 45.Ba3 Ne3 46.Qe2 Bd4 1/2-1/2

[Event "18th EUR-ch (w)"]
[Site "Riga LAT"]
[Date "2017.04.15"]
[Round "5.30"]
[White "Chan, Naruna"]
[Black "Bodnaruk, Anastasia"]
[Result "1/2-1/2"]
[WhiteElo "1981"]
[BlackElo "2446"]
[EventDate "2017.04.11"]
[PlyCount "114"]

1.e4 d6 2.d4 g6 3.Nc3 Bg7 4.f4 Nf6 5.Nf3 O-O 6.Be2 c5 7.dxc5 Qa5 8.O-O 
Qxc5+ 9.Kh1 Nc6 10.Bd3 e5 11.Qe1 a6 12.Qh4 exf4 13.Bxf4 Nh5 14.Bg5 h6 15.
Bd2 Bf6 16.Qe1 Bg7 17.Na4 Qa7 18.Be3 Qb8 19.Nb6 Be6 20.Nxa8 Qxa8 21.c3 Qc8
22.Nd4 Ne5 23.Nxe6 Nxd3 24.Qd2 Qxe6 25.Qxd3 Nf6 26.Bd4 Nxe4 27.Bxg7 Kxg7 
28.Qd4+ Kg8 29.Kg1 f5 30.Rfe1 Rc8 31.Qb6 Qe7 32.Rad1 Rc5 33.Qb3+ Qf7 34.
Qxf7+ Kxf7 35.Rd4 a5 36.c4 Ke6 37.Red1 b5 38.b3 a4 39.Rd5 axb3 40.Rxc5 
dxc5 41.axb3 bxc4 42.bxc4 Nd6 43.Rc1 f4 44.Kf2 g5 45.Ke2 g4 46.Kd3 Kf5 47.
Ra1 Nf7 48.Ra5 Ne5+ 49.Ke2 Nxc4 50.Rxc5+ Ne5 51.Rc8 h5 52.Rf8+ Kg5 53.Rg8+
Kf5 54.Rf8+ Kg5 55.Ra8 h4 56.Rg8+ Kf5 57.Rf8+ Kg5 1/2-1/2

[Event "18th EUR-ch (w)"]
[Site "Riga LAT"]
[Date "2017.04.15"]
[Round "5.33"]
[White "Calzetta Ruiz, Monica"]
[Black "Mkrtchian, Lilit"]
[Result "1/2-1/2"]
[WhiteElo "2257"]
[BlackElo "2425"]
[EventDate "2017.04.11"]
[PlyCount "73"]

1.e4 c5 2.Nf3 e6 3.d4 cxd4 4.Nxd4 a6 5.Nc3 Qc7 6.g3 Nf6 7.Bg2 d6 8.O-O Be7
9.f4 Nc6 10.Nxc6 bxc6 11.e5 dxe5 12.fxe5 Nd7 13.Bf4 O-O 14.Ne4 Nxe5 15.Qd4
f6 16.Bxe5 fxe5 17.Rxf8+ Bxf8 18.Qc4 Qb6+ 19.Kh1 Qxb2 20.Rf1 Qb5 21.Qc3 
Ra7 22.Qf3 Qb4 23.h4 Rc7 24.Ng5 g6 25.Bh3 Bg7 26.Bxe6+ Bxe6 27.Nxe6 Rd7 
28.Nxg7 Rxg7 29.Qxc6 Qb7 30.Rf6 a5 31.a4 Rc7 32.Qxb7 Rxb7 33.Ra6 Rb1+ 34.
Kg2 Rb2 35.Rxa5 Rxc2+ 36.Kf3 Rc4 37.Rxe5 1/2-1/2

[Event "18th EUR-ch (w)"]
[Site "Riga LAT"]
[Date "2017.04.15"]
[Round "5.49"]
[White "Utiatskaya, Irina"]
[Black "Osmanodja, Filiz"]
[Result "1-0"]
[WhiteElo "2152"]
[BlackElo "2370"]
[EventDate "2017.04.11"]
[PlyCount "121"]

1.d4 Nf6 2.c4 e6 3.Nc3 Bb4 4.e3 O-O 5.Ne2 d5 6.a3 Be7 7.cxd5 exd5 8.Nf4 
Re8 9.Bd3 Bd6 10.O-O Bxf4 11.exf4 Nc6 12.Be3 Ne7 13.Re1 Bf5 14.Bf1 c6 15.
h3 h5 16.g3 Qd7 17.Kh2 Nc8 18.f3 Nd6 19.b3 Re7 20.Qd2 Rae8 21.Nd1 Qc7 22.
Nf2 h4 23.g4 Bc2 24.Kg2 Bxb3 25.Qc3 Bc4 26.Bd2 Rxe1 27.Bxe1 Nb5 28.Qd2 
Bxf1+ 29.Kxf1 Qb6 30.Rd1 Nxa3 31.Rc1 Qc7 32.Nd3 Nc4 33.Qf2 Qb6 34.Ne5 Nxe5
35.fxe5 Nd7 36.f4 Rc8 37.Kg2 c5 38.f5 Rc6 39.f6 gxf6 40.Qf5 Nf8 41.Bxh4 
Qb2+ 42.Rc2 Qxd4 43.Re2 Ng6 44.Bxf6 Qd3 45.Rf2 Qe4+ 46.Kh2 Qxf5 47.gxf5 
Nxe5 48.Bxe5 f6 49.Bf4 b5 50.Rg2+ Kh7 51.Re2 a5 52.Re7+ Kg8 53.Rb7 b4 54.
Rb8+ Kf7 55.Rb7+ Ke8 56.h4 Rc8 57.Bd6 b3 58.h5 b2 59.h6 b1=Q 60.Rxb1 Kd7 
61.Rb8 1-0

[Event "18th EUR-ch (w)"]
[Site "Riga LAT"]
[Date "2017.04.15"]
[Round "5.53"]
[White "Komiagina, Maria"]
[Black "Balajayeva, Khanim"]
[Result "1/2-1/2"]
[WhiteElo "2247"]
[BlackElo "2196"]
[EventDate "2017.04.11"]
[PlyCount "82"]

1.e4 e5 2.Nf3 Nc6 3.d4 exd4 4.Nxd4 Nf6 5.Nxc6 bxc6 6.e5 Qe7 7.Qe2 Nd5 8.c4
Nb6 9.Nd2 Qe6 10.g3 a5 11.Bg2 Bb4 12.O-O Bxd2 13.Bxd2 Qxc4 14.Qh5 Nd5 15.
Rfe1 Ne7 16.Qg5 Ng6 17.Rac1 Qxa2 18.f4 h6 19.Qh5 Ne7 20.f5 Qxb2 21.Bc3 Qb5
22.Kh1 Bb7 23.e6 O-O-O 24.Qxf7 Nxf5 25.Rb1 Qc5 26.Be5 Rhf8 27.exd7+ Rxd7 
28.Qb3 Qb4 29.Qe6 Qe7 30.Qc4 Nd6 31.Qa4 Rf5 32.Bf4 Rb5 33.Rbc1 Qf7 34.Bxd6
Rxd6 35.Rf1 Qe7 36.Rce1 Re5 37.Rxe5 Qxe5 38.Rf8+ Kd7 39.Rf1 Kc8 40.Rf8+ 
Kd7 41.Rf1 Kc8 1/2-1/2

[Event "18th EUR-ch (w)"]
[Site "Riga LAT"]
[Date "2017.04.15"]
[Round "5.56"]
[White "Maklakova, Nellija"]
[Black "Lickrastina, Agnese"]
[Result "1/2-1/2"]
[WhiteElo "1829"]
[BlackElo "2223"]
[EventDate "2017.04.11"]
[PlyCount "20"]

1.e4 e5 2.Nf3 Nc6 3.Bb5 a6 4.Ba4 Nf6 5.O-O b5 6.Bb3 Be7 7.Re1 O-O 8.c3 d6 
9.h3 Bb7 10.d4 h6 1/2-1/2

[Event "18th EUR-ch (w)"]
[Site "Riga LAT"]
[Date "2017.04.15"]
[Round "5.61"]
[White "Narva, Regina"]
[Black "Exler, Veronika"]
[Result "1-0"]
[WhiteElo "2000"]
[BlackElo "2208"]
[EventDate "2017.04.11"]
[PlyCount "67"]

1.e4 e5 2.Nf3 Nc6 3.Bc4 Nf6 4.d3 Be7 5.c3 O-O 6.O-O d6 7.Bb3 d5 8.Qe2 dxe4
9.dxe4 Bc5 10.Bg5 h6 11.Bh4 Qe7 12.Nbd2 g5 13.Bg3 Nh5 14.Bd5 Nxg3 15.hxg3 
Nd8 16.b4 Bb6 17.Nc4 c6 18.Nxb6 axb6 19.Bb3 b5 20.Nh2 Be6 21.Qh5 Bxb3 22.
axb3 Rxa1 23.Rxa1 Kh7 24.Ng4 Qe6 25.Rd1 b6 26.Rd7 Re8 27.c4 bxc4 28.bxc4 
c5 29.b5 Kg7 30.Rd5 Rh8 31.Nxe5 Nb7 32.Rd7 Nd6 33.f4 gxf4 34.Rxd6 1-0

[Event "18th EUR-ch (w)"]
[Site "Riga LAT"]
[Date "2017.04.15"]
[Round "5.62"]
[White "De Seroux, Camille"]
[Black "Ozbay, Ece"]
[Result "1-0"]
[WhiteElo "2122"]
[BlackElo "2035"]
[EventDate "2017.04.11"]
[PlyCount "81"]

1.e4 c5 2.Nc3 Nc6 3.Bb5 Nd4 4.Bc4 g6 5.Nf3 Bg7 6.Nxd4 cxd4 7.Qf3 Nh6 8.Ne2
O-O 9.c3 dxc3 10.dxc3 d6 11.h3 Be6 12.Bb3 a5 13.Nf4 Bxb3 14.axb3 e5 15.Nd5
f5 16.Bxh6 Bxh6 17.O-O Qh4 18.Qe2 Rf7 19.Ra4 Qg5 20.Qb5 Raf8 21.Qe2 Qd8 
22.f3 Bg5 23.Qb5 b6 24.Kh1 Qb8 25.exf5 gxf5 26.Qxb6 Rb7 27.Qf2 f4 28.b4 
Qd8 29.Rxa5 Bh4 30.Qe2 Qg5 31.Rfa1 Bg3 32.Ra8 Qg7 33.Qa6 Rd7 34.Qc6 Rf7 
35.Qxd6 Bh4 36.b5 h6 37.b6 Rxa8 38.Rxa8+ Kh7 39.Qb8 Rd7 40.Ra7 Kg6 41.Qe8+
1-0

[Event "18th EUR-ch (w)"]
[Site "Riga LAT"]
[Date "2017.04.15"]
[Round "5.63"]
[White "Parhomenko, Margarita"]
[Black "Tsoganova, Monika"]
[Result "1/2-1/2"]
[WhiteElo "1987"]
[BlackElo "2111"]
[EventDate "2017.04.11"]
[PlyCount "187"]

1.Nf3 Nf6 2.c4 g6 3.g3 Bg7 4.Bg2 O-O 5.d4 d5 6.O-O c6 7.Nc3 Ne4 8.cxd5 
cxd5 9.Qb3 Nc6 10.Rd1 Nxc3 11.bxc3 Na5 12.Qb4 Nc4 13.Nd2 Nb6 14.Rb1 Bf5 
15.e4 dxe4 16.Bxe4 Nd5 17.Qb3 Bxe4 18.Nxe4 b6 19.Ba3 Qd7 20.c4 Nf6 21.Ng5 
Rac8 22.Nf3 Ne4 23.Re1 Nd6 24.c5 Nf5 25.cxb6 axb6 26.Qxb6 Rc3 27.Rb3 Rxf3 
28.Rxf3 Nxd4 29.Rfe3 Nc2 30.Rxe7 Qf5 31.Qc5 Bd4 32.Qxf5 gxf5 33.Bc1 Nxe1 
34.Rxe1 Kg7 35.Re2 Ra8 36.Kg2 Kf6 37.a3 Bc5 38.Be3 Bd6 39.Bc1 f4 40.Rd2 
Ra6 41.g4 f3+ 42.Kxf3 Bxh2 43.Rd5 Bd6 44.Rh5 Rc6 45.Rh6+ Kg7 46.Be3 f6 47.
a4 Ra6 48.g5 Be5 49.Rh4 fxg5 50.Bxg5 Bc3 51.Rc4 Ba5 52.Be7 Kf7 53.Ba3 Kg6 
54.Rd4 Rf6+ 55.Rf4 Rc6 56.Bb4 Bc7 57.Re4 Rc2 58.Re2 Rc4 59.Re4 Rc2 60.Re7 
Bd8 61.Rd7 Bh4 62.Be1 Ra2 63.a5 Bf6 64.Rd6 Kf5 65.Rd5+ Kg6 66.Bd2 h5 67.
Rd6 Ra3+ 68.Kg2 h4 69.a6 h3+ 70.Kh2 Kf5 71.Rd5+ Ke4 72.Ra5 Be5+ 73.Rxe5+ 
Kxe5 74.Be3 Rxa6 75.Kxh3 Ke4 76.Kg4 Rg6+ 77.Kh5 Kf5 78.Kh4 Rg8 79.Kh3 Rg4 
80.f3 Rg8 81.Kh2 Ke5 82.Kh1 Kd5 83.Bg1 Kc4 84.f4 Kd5 85.Bh2 Ke4 86.Bg1 
Kxf4 87.Bh2+ Kf3 88.Bg1 Kg3 89.Bh2+ Kf2 90.Bd6 Rg1+ 91.Kh2 Rg5 92.Kh1 Rd5 
93.Bc7 Rb5 94.Bd6 1/2-1/2

[Event "18th EUR-ch (w)"]
[Site "Riga LAT"]
[Date "2017.04.15"]
[Round "5.64"]
[White "Olde, Margareth"]
[Black "Harlinska, Sandra"]
[Result "1-0"]
[WhiteElo "2110"]
[BlackElo "1881"]
[EventDate "2017.04.11"]
[PlyCount "65"]

1.d4 Nf6 2.c4 g6 3.Nf3 Bg7 4.g3 O-O 5.Bg2 d5 6.O-O Nc6 7.Nc3 dxc4 8.e3 Rb8
9.Nd2 Be6 10.Na4 Na5 11.Nc5 Bd5 12.e4 Bc6 13.d5 Qd6 14.Na4 Bxa4 15.Qxa4 
Qc5 16.Nb1 c6 17.Nc3 cxd5 18.exd5 b6 19.Be3 Qc8 20.Bf4 Rb7 21.d6 Rd7 22.
dxe7 Rxe7 23.Bd6 Rfe8 24.Bxe7 Rxe7 25.Rfe1 Bf8 26.Rxe7 Bxe7 27.Re1 Bc5 28.
Nd5 Kg7 29.Nxf6 Kxf6 30.b4 cxb3 31.axb3 Qd8 32.Qh4+ g5 33.Qh6+ 1-0

[Event "18th EUR-ch (w)"]
[Site "Riga LAT"]
[Date "2017.04.15"]
[Round "5.65"]
[White "Caglar, Sila"]
[Black "Vainovska, Valentina"]
[Result "1-0"]
[WhiteElo "2093"]
[BlackElo "1792"]
[EventDate "2017.04.11"]
[PlyCount "125"]

1.e4 c5 2.Nf3 e6 3.d4 cxd4 4.Nxd4 a6 5.Bd3 Bc5 6.Nb3 Ba7 7.Qe2 Nc6 8.Be3 
d6 9.f4 Nge7 10.Bxa7 Rxa7 11.O-O O-O 12.Nc3 Qc7 13.Kh1 Ra8 14.a4 Bd7 15.
Rad1 Nb4 16.Rf3 Nxd3 17.Qxd3 Rad8 18.Rh3 Ng6 19.Qf3 Rfe8 20.Qh5 Nf8 21.Rg3
g6 22.Qh6 Bc6 23.Rf1 f5 24.exf5 exf5 25.Nd4 Qf7 26.h4 Be4 27.Rd1 d5 28.h5 
Rd6 29.hxg6 Rxg6 30.Qh3 Rxg3 31.Qxg3+ Kh8 32.Qg5 Ne6 33.Nxe6 Qxe6 34.Rd2 
Rg8 35.Qh4 Rg6 36.Qd8+ Rg8 37.Qh4 Rg6 38.Kg1 Qb6+ 39.Kf1 Rh6 40.Qe7 Rh1+ 
41.Ke2 Re1+ 42.Kxe1 Qg1+ 43.Ke2 Qxg2+ 44.Ke3 Qg1+ 45.Rf2 d4+ 46.Kxd4 Qxf2+
47.Ke5 Kg8 48.Qd8+ Kf7 49.Nxe4 fxe4 50.Qd5+ Kf8 51.Qd6+ Kg8 52.Qb8+ Kg7 
53.Qxb7+ Kg6 54.Qxe4+ Kh5 55.Qxh7+ Kg4 56.Qg6+ Kf3 57.Qe4+ Kg4 58.f5+ Kh5 
59.Qh1+ Kg5 60.Qc1+ Kh5 61.Qd1+ Kg5 62.Qd8+ Kg4 63.Qd4+ 1-0

[Event "18th EUR-ch (w)"]
[Site "Riga LAT"]
[Date "2017.04.15"]
[Round "5.66"]
[White "Krumina, Linda"]
[Black "Zvereva, Margarita"]
[Result "1-0"]
[WhiteElo "2090"]
[BlackElo "1771"]
[EventDate "2017.04.11"]
[PlyCount "75"]

1.d4 d5 2.c4 e6 3.Nf3 Nf6 4.Nc3 Nbd7 5.Bg5 Be7 6.e3 O-O 7.Be2 dxc4 8.Bxc4 
a6 9.a4 c5 10.O-O cxd4 11.Nxd4 Qa5 12.Bh4 Ne5 13.Be2 Ng6 14.Bg3 e5 15.Nb3 
Qb4 16.Qc2 Be6 17.Nc1 Rac8 18.Nd3 Qa5 19.Qb1 Bf5 20.Rc1 Bxd3 21.Bxd3 Rfd8 
22.Bf5 Rc6 23.Ne4 Rb6 24.Rc4 Qd5 25.b3 Nxe4 26.Bxe4 Qa5 27.h4 Rbd6 28.Kh2 
Rd1 29.Qxd1 Rxd1 30.Rxd1 Qb6 31.Rc8+ Nf8 32.Bd5 Qb4 33.e4 Qb6 34.Rb8 Qh6 
35.Rxb7 Qf6 36.Rd3 g6 37.Rf3 Qd6 38.Rxf7 1-0

[Event "18th EUR-ch (w)"]
[Site "Riga LAT"]
[Date "2017.04.15"]
[Round "5.67"]
[White "Azimova, Karina"]
[Black "Nikolajeva, Marija"]
[Result "1-0"]
[WhiteElo "2072"]
[BlackElo "1673"]
[EventDate "2017.04.11"]
[PlyCount "57"]

1.e4 c6 2.d3 d5 3.Nd2 dxe4 4.dxe4 e5 5.Ngf3 Bg4 6.h3 Bxf3 7.Qxf3 Nf6 8.Bc4
Nbd7 9.Qb3 Nc5 10.Bxf7+ Ke7 11.Qc4 Qd6 12.b4 Ncxe4 13.Nxe4 Nxe4 14.O-O Qd4
15.Qe6+ Kd8 16.Be3 Qd7 17.Qxe5 Qxf7 18.Qxe4 Bd6 19.Rad1 Kc7 20.Rfe1 Rad8 
21.a3 b6 22.c4 Qh5 23.Rxd6 Rxd6 24.Bf4 Qf7 25.Qe7+ Qxe7 26.Rxe7+ Kd8 27.
Bxd6 a5 28.bxa5 bxa5 29.Rxg7 1-0

[Event "18th EUR-ch (w)"]
[Site "Riga LAT"]
[Date "2017.04.15"]
[Round "5.69"]
[White "Golsta, Madara"]
[Black "Sibajeva, Marija"]
[Result "1/2-1/2"]
[WhiteElo "1619"]
[BlackElo "2011"]
[EventDate "2017.04.11"]
[PlyCount "189"]

1.e4 c5 2.Nf3 e6 3.d4 cxd4 4.Nxd4 Nc6 5.Nc3 Qc7 6.Be3 a6 7.Qd2 Nf6 8.O-O-O
Bb4 9.f3 Ne5 10.Nb3 b5 11.Qd4 Nc6 12.Qb6 Qxb6 13.Bxb6 Bxc3 14.bxc3 d5 15.
exd5 Nxd5 16.Bd4 Nxd4 17.cxd4 Nc3 18.Re1 Nxa2+ 19.Kb2 Nb4 20.Ra1 Rb8 21.
Nc5 Nc6 22.Nxa6 Bxa6 23.Rxa6 Nxd4 24.Bd3 O-O 25.c3 Nf5 26.Bxf5 exf5 27.Rd1
g6 28.Ra7 Rfe8 29.Rd2 Re3 30.Rc7 b4 31.cxb4 Rxb4+ 32.Kc2 Ra4 33.Kb2 Rb4+ 
34.Kc2 Rb6 35.Ra7 Rc6+ 36.Kb2 Re5 37.Rb7 Ree6 38.Ra7 Rb6+ 39.Kc2 Rbc6+ 40.
Kd1 Rb6 41.Rd8+ Kg7 42.Rdd7 Rbd6+ 43.Rxd6 Rxd6+ 44.Ke2 Re6+ 45.Kf2 g5 46.
Ra5 Kg6 47.Ra8 h6 48.Ra4 Rb6 49.Kg3 f4+ 50.Kf2 Rb2+ 51.Kf1 f6 52.Kg1 Rc2 
53.Kf1 Rc1+ 54.Kf2 Rh1 55.h3 Rb1 56.Rc4 Rb2+ 57.Kg1 Kh5 58.Kh2 Ra2 59.Rc6 
Kg6 60.Rb6 h5 61.Kg1 Ra1+ 62.Kf2 Ra2+ 63.Kg1 Rc2 64.Ra6 Rd2 65.Ra8 Rb2 66.
Ra6 g4 67.hxg4 hxg4 68.fxg4 Kg5 69.Rc6 Kh4 70.Rc3 Kxg4 71.Kf1 Rb5 72.Kf2 
Rb2+ 73.Kf1 Rd2 74.Ra3 Kf5 75.Ra6 Rd3 76.Kf2 Rd2+ 77.Kf3 Rd3+ 78.Kf2 Rb3 
79.Ra5+ Kg4 80.Ra2 f5 81.Rc2 f3 82.gxf3+ Rxf3+ 83.Kg2 Rg3+ 84.Kf2 Rh3 85.
Kg2 f4 86.Rc8 Rg3+ 87.Kf2 Rf3+ 88.Kg2 Rg3+ 89.Kf2 Rf3+ 90.Kg2 Re3 91.Kf2 
Re5 92.Rg8+ Kf5 93.Kf3 Re3+ 94.Kf2 Re6 95.Kf3 1/2-1/2